| 000 | 00865nmc a2200301 a 4500 | ||
|---|---|---|---|
| 003 | AR-BaBNM | ||
| 005 | 20251128210124.0 | ||
| 008 | 059019s[ca. ||||||||||||||000 | spa|| | ||
| 020 | _a958-04-1295-2 | ||
| 040 | _cAR-BaBNM | ||
| 100 | 1 |
_aTolstoi, Lev Nikolaevich _d1828-1910 |
|
| 245 | 1 | 0 | _aLa ratoncita-niña y otros cuentos |
| 260 |
_aSantafé de Bogotá _bNorma _c[ca. 1990] |
||
| 300 | 0 |
_a86 p. _bil. |
|
| 490 | 0 |
_aTorre de papel. Torre azul _vv. 12 |
|
| 500 | 0 | _aSe recomienda para niños a partir de nueve años | |
| 650 | 4 | _aLITERATURA INFANTIL | |
| 650 | 4 | _aLIBROS PARA NINOS | |
| 650 | 4 | _aLEYENDAS | |
| 650 | 4 | _aCOSTUMBRES Y TRADICIONES | |
| 650 | 4 | _aLITERATURA FOLKLORICA | |
| 650 | 4 | _aLITERATURA RUSA | |
| 655 | _aLITERATURA | ||
| 700 | 1 |
_aAmorocho, Luz _etraductor |
|
| 700 | 0 |
_aAlekos _eilustrador |
|
| 942 | _cBK | ||
| 998 | _cMARTIN | ||
| 999 |
_c14138 _d14138 |
||